[Event "2.BLS 0203 SK Krumbach - SCA St Ingbert"]
[Site "?"]
[Date "2002.11.17"]
[Round "2.4"]
[White "Riefner, Edwin"]
[Black "Drollinger, Dennis"]
[Result "1/2-1/2"]
[WhiteElo "2226"]
[BlackElo "2281"]
[PlyCount "89"]
[EventDate "2002.??.??"]

1. e4 c5 2. b3 d6 3. Bb2 Nf6 4. Bb5+ Bd7 5. Bxd7+ Qxd7 6. Bxf6 gxf6 7. Qh5 Nc6
8. Nc3 f5 9. Qxf5 Qxf5 10. exf5 Nd4 11. O-O-O Nxf5 12. Nf3 Rg8 13. g3 Bg7 14.
Nd5 Kd7 15. Rhe1 e6 16. Ne3 Nd4 17. Ng1 b5 18. c3 Nc6 19. Nf3 Rgc8 20. Kc2 Rc7
21. a4 a6 22. Ng2 d5 23. Nf4 h6 24. g4 Kd6 25. h4 Rb8 26. axb5 axb5 27. Ra1 b4
28. Ra6 Rcb7 29. Nd3 Rb6 30. Rxb6 Rxb6 31. g5 c4 32. Nxb4 Nxb4+ 33. cxb4 Rxb4
34. Rb1 hxg5 35. hxg5 cxb3+ 36. Rxb3 Rf4 37. Kd1 e5 38. Ke2 e4 39. Ne1 Bd4 40.
f3 Ke6 41. Rb5 Rh4 42. Nc2 Rh2+ 43. Kd1 Rh1+ 44. Ke2 Rh2+ 45. Kd1 1/2-1/2

[Event "2.BLS 0203 SK Krumbach - SCA St Ingbert"]
[Site "?"]
[Date "2002.11.17"]
[Round "2.5"]
[White "Nguyen, Chi Minh"]
[Black "Wild, Rudolf"]
[Result "1-0"]
[WhiteElo "2358"]
[BlackElo "2268"]
[PlyCount "76"]
[EventDate "2002.??.??"]

1. d4 Nf6 2. c4 g6 3. Nc3 Bg7 4. e4 d6 5. f4 O-O 6. Nf3 c5 7. d5 b5 8. cxb5 a6
9. a4 axb5 10. Bxb5 Ba6 11. Qe2 Ne8 12. O-O Nc7 13. Be3 Nd7 14. Rad1 Nb6 15.
Bxa6 Rxa6 16. e5 Nxa4 17. f5 dxe5 18. fxg6 hxg6 19. Ng5 Qa8 20. Qc4 Bf6 21. Qh4
Bxg5 22. Bxg5 Nxc3 23. bxc3 Nxd5 24. Qc4 Nf4 25. Bxf4 exf4 26. Rxf4 Qc6 27.
Rdf1 e6 28. h4 Raa8 29. Rg4 Qd5 30. Qf4 Qf5 31. Qg3 Qh5 32. Rg5 Qh6 33. h5 Kh7
34. Qe5 Qg7 35. Qh2 Kg8 36. Qg3 Kh7 37. Rg4 Rad8 38. Qh4 Kg8 1-0

[Event "2.BLS 0203 SK Krumbach - SCA St Ingbert"]
[Site "?"]
[Date "2002.11.17"]
[Round "2.6"]
[White "Trassl, Franz"]
[Black "Ristic, Nenad"]
[Result "1/2-1/2"]
[WhiteElo "2260"]
[BlackElo "2473"]
[PlyCount "102"]
[EventDate "2002.??.??"]

1. Nf3 Nf6 2. d4 g6 3. g3 Bg7 4. Bg2 O-O 5. O-O d6 6. c4 c6 7. Nc3 Qa5 8. e4
Bg4 9. h3 Bxf3 10. Qxf3 Nfd7 11. Rd1 c5 12. d5 a6 13. Qd3 b5 14. f4 Nb6 15.
cxb5 axb5 16. e5 b4 17. Ne2 Qa6 18. Qe4 Ra7 19. b3 N8d7 20. Bb2 c4 21. bxc4
Qxc4 22. Rd4 Qc5 23. Rc1 Qa5 24. Rxb4 Nxd5 25. Rb3 Qd2 26. Qxd5 Qxe2 27. Bf3
Qa6 28. Ra3 Qb6+ 29. Bd4 Nc5 30. Rxa7 Qxa7 31. Bxc5 dxc5 32. Qxc5 Qxa2 33. Qxe7
Qb3 34. Rf1 Rc8 35. e6 Qe3+ 36. Kh1 Qxe6 37. Qxe6 fxe6 38. Rb1 Rc7 39. Rb6 e5
40. Rb8+ Kf7 41. Rb7 Rxb7 42. Bxb7 exf4 43. gxf4 Bh6 44. Kg2 Bxf4 45. Be4 Kf6
46. Bc2 h6 47. Bxg6 Kxg6 48. h4 Kf5 49. h5 Kg4 50. Kh1 Kh3 51. Kg1 Bg3 1/2-1/2

[Event "2.BLS 0203 SK Krumbach - SCA St Ingbert"]
[Site "?"]
[Date "2002.11.17"]
[Round "2.7"]
[White "Gross, Georg"]
[Black "Link, Ulrich Dr"]
[Result "1-0"]
[WhiteElo "2317"]
[BlackElo "2141"]
[PlyCount "54"]
[EventDate "2002.??.??"]

1. d4 e6 2. g3 c5 3. Nf3 cxd4 4. Nxd4 d5 5. Bg2 Nc6 6. O-O Bd7 7. c4 Qb6 8. Nb5
dxc4 9. N1c3 Bc5 10. Bf4 Rc8 11. Bd6 Nd8 12. Bxc5 Rxc5 13. Qd4 Rg5 14. Nd6+ Ke7
15. Qh4 f6 16. Nxc4 Qc7 17. Rac1 Bc6 18. Ne4 Bxe4 19. Qxe4 Nc6 20. h4 Rd5 21.
Qg4 Nh6 22. Qxg7+ Nf7 23. Bxd5 exd5 24. Ne3 Qe5 25. Rc5 Rd8 26. Rd1 Nb4 27. Rb5
Qd6 1-0

[Event "2.BLS 0203 SK Krumbach - SCA St Ingbert"]
[Site "?"]
[Date "2002.11.17"]
[Round "2.8"]
[White "Sirch, Franz"]
[Black "Mackensy, Thomas"]
[Result "1-0"]
[WhiteElo "2215"]
[BlackElo "2197"]
[PlyCount "119"]
[EventDate "2002.??.??"]

1. e4 c5 2. Nc3 Nc6 3. f4 g6 4. Nf3 Bg7 5. Bb5 Nd4 6. O-O Nxb5 7. Nxb5 d6 8. d3
Nf6 9. Nc3 O-O 10. f5 Bd7 11. Qe1 b5 12. Qh4 Re8 13. Bh6 Bh8 14. Ng5 Bc6 15.
fxg6 fxg6 16. Bf8 Qd7 17. Bh6 Qg4 18. Rf4 Qxh4 19. Rxh4 b4 20. Ne2 Bd7 21. Rf1
Ng4 22. Rf7 Bf6 23. Rxh7 Nxh6 24. R7xh6 Kg7 25. Nf4 Rg8 26. Rxg6+ Kf8 27. Nh7+
Kf7 28. Nxf6 Rxg6 29. Nxg6 Kxf6 30. Nf4 Bc6 31. g3 a5 32. Rh6+ Kg7 33. Re6 Kf7
34. Rh6 a4 35. Kf2 b3 36. cxb3 axb3 37. a3 c4 38. dxc4 Bxe4 39. Ke3 Bc2 40. Rh5
e5 41. Nd5 Rc8 42. Rh4 Kg7 43. Nb4 Bg6 44. Rg4 Kh6 45. Nd5 Rf8 46. Rh4+ Kg7 47.
Ke2 Ra8 48. Kd2 Rf8 49. Rg4 Kh6 50. Kc3 Bc2 51. a4 Rf1 52. Rg8 Rc1 53. Rd8 Ra1
54. Rxd6+ Kg7 55. Ra6 Rd1 56. a5 e4 57. Re6 Rd3+ 58. Kb4 Rd2 59. a6 Bd1 60. a7
1-0

[Event "2.BLS 0203 Schmiden Cannst - Pang Rosen"]
[Site "?"]
[Date "2002.11.17"]
[Round "2.1"]
[White "Wach, Markus"]
[Black "Holzhaeuer, Mathias"]
[Result "1/2-1/2"]
[WhiteElo "2388"]
[BlackElo "2407"]
[PlyCount "91"]
[EventDate "2002.??.??"]

1. e4 d5 2. exd5 Nf6 3. d4 Bg4 4. Bb5+ Nbd7 5. f3 Bf5 6. c4 e6 7. dxe6 Bxe6 8.
d5 Bf5 9. Ne2 Bd6 10. Ng3 Bg6 11. O-O O-O 12. Bxd7 Nxd7 13. f4 f5 14. Nc3 Qh4
15. Qf3 Rae8 16. Na4 Nf6 17. c5 Be7 18. h3 b5 19. cxb6 axb6 20. Be3 Bd6 21.
Rae1 Kh8 22. Nc3 Rxe3 23. Rxe3 Bc5 24. Kh1 Bxe3 25. Qxe3 Re8 26. Qf3 Ng4 27.
Nd1 Nf6 28. Kg1 Nh5 29. Nxh5 Bxh5 30. Qf2 Qxf2+ 31. Nxf2 Bf7 32. Rd1 Rd8 33. d6
cxd6 34. b3 Kg8 35. g4 fxg4 36. hxg4 Kf8 37. Rc1 Bd5 38. Kh2 Ra8 39. Rc2 Ke7
40. Kg3 h6 41. Rd2 Ra5 42. Nd3 Bf7 43. Nb4 Rc5 44. Re2+ Kf6 45. Rd2 Ke7 46.
Re2+ 1/2-1/2

[Event "2.BLS 0203 Schmiden Cannst - Pang Rosen"]
[Site "?"]
[Date "2002.11.17"]
[Round "2.2"]
[White "Schnepp, Gunnar"]
[Black "Grundherr, Martin"]
[Result "1-0"]
[WhiteElo "2278"]
[BlackElo "2343"]
[PlyCount "133"]
[EventDate "2002.??.??"]

1. e4 c6 2. d4 d5 3. Nd2 dxe4 4. Nxe4 Nd7 5. Bc4 Ngf6 6. Ng5 e6 7. Qe2 Nb6 8.
Bd3 h6 9. N5f3 Nbd7 10. Ne5 c5 11. dxc5 Nxe5 12. Qxe5 Nd7 13. Qe2 Nxc5 14. Bb5+
Bd7 15. Bd2 a6 16. Bxd7+ Qxd7 17. Nf3 Bd6 18. O-O-O Qc7 19. Kb1 O-O-O 20. Bb4
Na4 21. Bxd6 Rxd6 22. Rxd6 Qxd6 23. Qc4+ Qc6 24. Qd4 f6 25. Rd1 e5 26. Qg4+ Kb8
27. Qd7 Rc8 28. Qxc6 Rxc6 29. Rd7 Rc7 30. Rxc7 Kxc7 31. Nh4 Kd7 32. Nf5 g6 33.
Nxh6 Ke6 34. Ng4 f5 35. Ne3 f4 36. Nd1 e4 37. Kc1 Ke5 38. Kd2 b5 39. b3 Nb6 40.
Nc3 Kd4 41. Ne2+ Ke5 42. h4 Nd5 43. a3 e3+ 44. Ke1 Ke4 45. f3+ Ke5 46. Nc1 Kd4
47. Ne2+ Ke5 48. c4 bxc4 49. bxc4 Ne7 50. c5 Nf5 51. c6 Kd6 52. Nxf4 Nxh4 53.
c7 Kd7 54. Ke2 g5 55. g3 Nf5 56. Nd5 Nxg3+ 57. Kxe3 Nf5+ 58. Ke4 Nh4 59. a4 a5
60. Ke3 Nf5+ 61. Kd3 Nh4 62. Kc4 Nxf3 63. Kb5 Ne5 64. Kb6 Nc4+ 65. Kb7 Nd6+ 66.
Kb8 Kc6 67. Ne3 1-0

[Event "2.BLS 0203 Schmiden Cannst - Pang Rosen"]
[Site "?"]
[Date "2002.11.17"]
[Round "2.3"]
[White "Blaskowski, Johannes"]
[Black "Trachtmann, Mark"]
[Result "1-0"]
[WhiteElo "2310"]
[BlackElo "2314"]
[PlyCount "49"]
[EventDate "2002.??.??"]

1. e4 e6 2. d4 d5 3. exd5 exd5 4. Qf3 c5 5. Bb5+ Nc6 6. Ne2 Nf6 7. Bg5 Qa5+ 8.
Nbc3 Ne4 9. b4 Qxb4 10. O-O Nxg5 11. Qxd5 Bd7 12. Rab1 Qa5 13. Qxg5 Be7 14.
Qxg7 O-O-O 15. d5 Rdg8 16. Qh6 Ne5 17. Bxd7+ Nxd7 18. Qh3 Bd6 19. Ne4 Qc7 20.
N2c3 a6 21. Nxd6+ Qxd6 22. Ne4 Qe7 23. Rfe1 Kb8 24. Nxc5 Qxc5 25. Qxd7 1-0

[Event "2.BLS 0203 Schmiden Cannst - Pang Rosen"]
[Site "?"]
[Date "2002.11.17"]
[Round "2.4"]
[White "Birk, Steffen"]
[Black "Vogel, Robert"]
[Result "1/2-1/2"]
[WhiteElo "2272"]
[BlackElo "2310"]
[PlyCount "141"]
[EventDate "2002.??.??"]

1. e4 c5 2. Nf3 Nc6 3. d4 cxd4 4. Nxd4 e6 5. Nc3 a6 6. Nxc6 bxc6 7. Bd3 d5 8.
O-O Nf6 9. Qe2 Be7 10. b3 O-O 11. Bb2 Bb7 12. Rad1 Re8 13. Na4 Qc7 14. e5 Nd7
15. f4 f5 16. exf6 Bxf6 17. Bxf6 Nxf6 18. Rde1 c5 19. Qe3 Rac8 20. c4 d4 21.
Qg3 Qf7 22. Qh3 g6 23. Qg3 Nd7 24. Qg5 Kg7 25. h4 Qf6 26. Re2 Bc6 27. Nb2 Rf8
28. Qxf6+ Rxf6 29. g3 Re8 30. Rfe1 Bf3 31. Rf2 Bg4 32. Be2 Bxe2 33. Rfxe2 h6
34. Nd3 Kf7 35. Ne5+ Nxe5 36. Rxe5 Rf5 37. Kg2 a5 38. Kf3 g5 39. hxg5 hxg5 40.
Ke4 gxf4 41. gxf4 Rxe5+ 42. Kxe5 Ke7 43. f5 exf5 44. Kd5+ Kf7 45. Rf1 Kf6 46.
Kxc5 Rd8 47. Kb6 d3 48. Kc7 Rd4 49. c5 Ke5 50. c6 Rh4 51. Kb7 Ke4 52. c7 Rh7
53. Rh1 Rf7 54. Kb8 Rf8+ 55. c8=Q Rxc8+ 56. Kxc8 d2 57. a3 Kd3 58. b4 axb4 59.
axb4 Ke2 60. b5 d1=Q 61. Rxd1 Kxd1 62. b6 f4 63. b7 f3 64. b8=Q f2 65. Qf4 Ke2
66. Qe4+ Kf1 67. Kd7 Kg1 68. Qg4+ Kh1 69. Qf3+ Kg1 70. Qg3+ Kh1 71. Qxf2
1/2-1/2

[Event "2.BLS 0203 Schmiden Cannst - Pang Rosen"]
[Site "?"]
[Date "2002.11.17"]
[Round "2.5"]
[White "Duer, Werner"]
[Black "Krockenberger, Martin"]
[Result "0-1"]
[WhiteElo "2285"]
[BlackElo "2264"]
[PlyCount "82"]
[EventDate "2002.??.??"]

1. d4 Nf6 2. Nf3 g6 3. c3 Bg7 4. Bg5 O-O 5. Nbd2 d6 6. e4 c5 7. dxc5 dxc5 8.
Bc4 Nc6 9. Qe2 Qc7 10. O-O h6 11. Bh4 Nh5 12. Bg3 Nxg3 13. hxg3 b6 14. Rfe1 Bb7
15. a4 Rad8 16. Rad1 e6 17. Bb3 Rd7 18. Nc4 Rfd8 19. Rxd7 Rxd7 20. Rd1 Kf8 21.
Rxd7 Qxd7 22. Qe3 Qc7 23. Qf4 Qxf4 24. gxf4 Ke7 25. e5 Na5 26. Nxa5 Bxf3 27.
Nc4 Bd5 28. f3 g5 29. fxg5 hxg5 30. Kf2 Bxe5 31. Nxe5 Bxb3 32. a5 bxa5 33. Nc6+
Kd6 34. Nxa5 Bd5 35. b4 cxb4 36. cxb4 Kc7 37. Ke3 Kb6 38. Kd4 Kb5 39. Kc3 f5
40. g3 e5 41. f4 exf4 0-1

[Event "2.BLS 0203 Schmiden Cannst - Pang Rosen"]
[Site "?"]
[Date "2002.11.17"]
[Round "2.6"]
[White "Thoma, Christian"]
[Black "Salvermoser, Bernd"]
[Result "0-1"]
[WhiteElo "2239"]
[BlackElo "2306"]
[PlyCount "96"]
[EventDate "2002.??.??"]

1. e4 c5 2. Nf3 d6 3. d4 cxd4 4. Nxd4 Nf6 5. Nc3 g6 6. Be3 Bg7 7. f3 O-O 8. Qd2
Nc6 9. g4 Nxd4 10. Bxd4 Qa5 11. O-O-O Be6 12. a3 Rab8 13. Kb1 Rfc8 14. Bxf6
Bxf6 15. Nd5 Qxd2 16. Nxf6+ Kg7 17. Ne8+ Rxe8 18. Rxd2 Kf6 19. Rd4 Ke5 20. Ra4
a6 21. Be2 g5 22. Rd1 Rh8 23. Rb4 Kf4 24. Kc1 Ke3 25. Rd2 h5 26. e5 d5 27. Kd1
hxg4 28. Ke1 Bf5 29. fxg4 Be4 30. Bd3 a5 31. Ra4 b5 32. Rxa5 Bxd3 33. Rxd3+ Ke4
34. h3 Kxe5 35. Rb3 Ke4 36. Kf2 d4 37. Kg3 Rhc8 38. Ra7 e5 39. Rxf7 Rxc2 40. h4
gxh4+ 41. Kxh4 Rh8+ 42. Kg5 Rg8+ 43. Kf6 Rf2+ 44. Ke6 Rxf7 45. Kxf7 Rxg4 46.
Rxb5 d3 47. Kf6 d2 48. Rxe5+ Kd3 0-1

[Event "2.BLS 0203 Schmiden Cannst - Pang Rosen"]
[Site "?"]
[Date "2002.11.17"]
[Round "2.7"]
[White "Maurer, Jochen"]
[Black "Loehr, Markus"]
[Result "1-0"]
[WhiteElo "2172"]
[BlackElo "2199"]
[PlyCount "81"]
[EventDate "2002.??.??"]

1. e4 d5 2. exd5 Qxd5 3. Nc3 Qa5 4. d4 c6 5. Bc4 Bf5 6. Nf3 Nf6 7. Bd2 e6 8.
Nd5 Qd8 9. Nxf6+ gxf6 10. c3 Nd7 11. Nh4 Bg6 12. Qf3 f5 13. g3 Nf6 14. Bg5 Bg7
15. Bxf6 Qxf6 16. Ng2 e5 17. O-O O-O-O 18. dxe5 Qxe5 19. Rfe1 Qc5 20. Bd3 Bh6
21. Rad1 f4 22. Nxf4 Bxf4 23. Qg4+ Kb8 24. Qxf4+ Ka8 25. Bxg6 fxg6 26. Rxd8+
Rxd8 27. Qc7 Qd5 28. Qxh7 Qd2 29. Qe7 a6 30. Qe2 Qd5 31. b3 Qf5 32. Qe4 Qh3 33.
Qxg6 Ka7 34. Qe6 Qh5 35. Qe5 Qh3 36. Qe6 Qh5 37. b4 Rd3 38. Qe5 Qg6 39. Qc5+
Ka8 40. Qe5 Qg4 41. Qe4 1-0

[Event "2.BLS 0203 Schmiden Cannst - Pang Rosen"]
[Site "?"]
[Date "2002.11.17"]
[Round "2.8"]
[White "Bauer, Manfred"]
[Black "Graf, Christian"]
[Result "1/2-1/2"]
[WhiteElo "2246"]
[BlackElo "2226"]
[PlyCount "44"]
[EventDate "2002.??.??"]

1. e4 c6 2. d3 d5 3. Nd2 g6 4. Ngf3 Bg7 5. g3 Bg4 6. Bg2 Nf6 7. O-O O-O 8. h3
Bxf3 9. Qxf3 dxe4 10. dxe4 Nbd7 11. Re1 Qc7 12. Qe2 e5 13. h4 Rfe8 14. Bh3 Rad8
15. a4 Nf8 16. a5 Ne6 17. Bxe6 Rxe6 18. Nf3 Bf8 19. Qc4 Ng4 20. Bg5 Rd7 21. Kg2
Red6 22. Be3 Nxe3+ {(=)} 1/2-1/2

[Event "2.BLS 0203 SK Bebenhausen - SG Kirchhei"]
[Site "?"]
[Date "2002.11.17"]
[Round "2.1"]
[White "Gschnitzer, Oswald Dr"]
[Black "Gheng, Josef"]
[Result "1-0"]
[WhiteElo "2428"]
[BlackElo "2314"]
[PlyCount "57"]
[EventDate "2002.??.??"]

1. Nf3 Nf6 2. c4 g6 3. Nc3 d5 4. Qa4+ c6 5. cxd5 Nxd5 6. Qd4 Nf6 7. Qxd8+ Kxd8
8. d4 Bg7 9. e4 h6 10. Bc4 e6 11. Bf4 Ke7 12. O-O b5 13. Bd3 Rd8 14. Rac1 Bb7
15. Rfd1 a6 16. Bc7 Rc8 17. Ba5 c5 18. dxc5 Nc6 19. Bb6 Nd7 20. Nd5+ exd5 21.
exd5 Nb4 22. Be4 Bxd5 23. Bxd5 Nxb6 24. Re1+ Kf8 25. cxb6 Rxc1 26. Rxc1 Re8 27.
b7 Nxd5 28. Rc8 Ne7 29. Rxe8+ 1-0

[Event "2.BLS 0203 SK Bebenhausen - SG Kirchhei"]
[Site "?"]
[Date "2002.11.17"]
[Round "2.2"]
[White "Gohil, Harry"]
[Black "Wintzer, Joachim Dr"]
[Result "1-0"]
[WhiteElo "2354"]
[BlackElo "2367"]
[PlyCount "91"]
[EventDate "2002.??.??"]

1. d4 e6 2. Nf3 c5 3. Bg5 Qb6 4. e3 Qxb2 5. Nbd2 d5 6. c4 Nc6 7. Be2 h6 8. Bh4
cxd4 9. O-O dxe3 10. cxd5 exd5 11. Nb3 Be7 12. Bg3 Nf6 13. fxe3 O-O 14. Nfd4
Nxd4 15. exd4 Ne4 16. Bf3 Nxg3 17. hxg3 Be6 18. Bg4 Bxg4 19. Qxg4 Rad8 20. Rf5
Bg5 21. Qf3 a5 22. a4 Rfe8 23. Rxd5 Re3 24. Rxd8+ Bxd8 25. Qxe3 Bf6 26. Rf1 b5
27. Rf2 Qb1+ 28. Rf1 Qb2 29. Qe8+ Kh7 30. Qxb5 Bg5 31. Qf5+ Kh8 32. Qd3 Kg8 33.
Rf3 Qa3 34. Qc4 Qe7 35. Kh2 h5 36. Qc8+ Kh7 37. Qf5+ Kg8 38. Qe5 Qd8 39. Qxa5
Qe7 40. Qe5 Qd8 41. Rc3 h4 42. Qf5 hxg3+ 43. Kh3 g6 44. Qc8 Kg7 45. Qxd8 Bxd8
46. a5 1-0

[Event "2.BLS 0203 SK Bebenhausen - SG Kirchhei"]
[Site "?"]
[Date "2002.11.17"]
[Round "2.3"]
[White "Biebinger, Gerhard"]
[Black "Hoensch, Matthias"]
[Result "1/2-1/2"]
[WhiteElo "2391"]
[BlackElo "2312"]
[PlyCount "200"]
[EventDate "2002.??.??"]

1. d4 e6 2. c4 d5 3. Nf3 c5 4. cxd5 exd5 5. g3 Nc6 6. Bg2 Nf6 7. O-O Be7 8. Nc3
O-O 9. Bg5 cxd4 10. Nxd4 h6 11. Be3 Re8 12. Rc1 Bg4 13. h3 Be6 14. Qa4 Qd7 15.
Kh2 Bd8 16. Nxc6 bxc6 17. Rfd1 Qb7 18. Bd4 Bf5 19. Rd2 Re6 20. b4 a6 21. a3 h5
22. e3 h4 23. gxh4 Ne8 24. Qd1 Rh6 25. e4 dxe4 26. Nxe4 Rxh4 27. Ng3 Bc7 28.
Kg1 Bxh3 29. Bxc6 Qb8 30. Rc3 Bf4 31. Rdd3 Bg4 32. Qf1 Nd6 33. Qg2 Ra7 34. Bxa7
Qxa7 35. Qd5 Qe7 36. Re3 Bxe3 37. Rxe3 Qf6 38. Qe5 Qxe5 39. Rxe5 Be6 40. Bd5
Nc4 41. Rg5 Bxd5 42. Rxd5 Nxa3 43. Ra5 Nc2 44. Rxa6 Rxb4 45. Ne2 g6 46. Rc6 Ne1
47. Rc3 Rb2 48. Kf1 Nc2 49. Kg2 Kg7 50. Nf4 Nd4 51. Nd5 Ne6 52. Rc4 g5 53. Ne3
Rb5 54. Rc6 Re5 55. Ng4 Re4 56. Ne3 Re5 57. Ra6 Nf4+ 58. Kf3 Nd3 59. Rd6 Nc5
60. Rc6 Ne6 61. Ra6 f5 62. Kg2 Kf6 63. Ra4 Rc5 64. Rb4 Ra5 65. Kf3 Ra3 66. Kg2
Nf4+ 67. Kh2 Ra2 68. Kg3 Ne6 69. Kg2 Ra5 70. Kf3 Ra8 71. Rb6 Ra4 72. Rb4 Nd4+
73. Kg2 Rxb4 74. Nd5+ Ke5 75. Nxb4 Ke4 76. Na6 Ne6 77. Nb4 g4 78. Nc6 Nf4+ 79.
Kg3 Ne2+ 80. Kg2 f4 81. Ne7 Nd4 82. Ng8 Kf5 83. Ne7+ Ke5 84. Ng6+ Ke4 85. Nh4
Nf3 86. Ng6 Ne1+ 87. Kf1 Nd3 88. Kg2 Kf5 89. Ne7+ Kg5 90. Nd5 Kh4 91. Nf6 f3+
92. Kg1 Kh3 93. Ne4 Kh4 94. Kf1 Nf4 95. Ng3 Kh3 96. Nf5 Ne2 97. Ne3 g3 98. fxg3
Kxg3 99. Nf5+ Kf4 100. Nh4 Ng3+ 1/2-1/2

[Event "2.BLS 0203 SK Bebenhausen - SG Kirchhei"]
[Site "?"]
[Date "2002.11.17"]
[Round "2.4"]
[White "Lorscheid, Gerhard"]
[Black "Vonthron, Horst"]
[Result "1-0"]
[WhiteElo "2307"]
[BlackElo "2351"]
[PlyCount "115"]
[EventDate "2002.??.??"]

1. d4 Nf6 2. c4 e6 3. Nc3 Bb4 4. Qc2 c5 5. dxc5 O-O 6. Nf3 Na6 7. Bg5 Nxc5 8.
Nd2 h6 9. Bh4 d5 10. Bxf6 Qxf6 11. cxd5 Bxc3 12. Qxc3 Qxc3 13. bxc3 exd5 14.
Nb3 Na4 15. Kd2 Bd7 16. e3 Rac8 17. Rc1 b5 18. Bd3 a6 19. Nd4 g6 20. Be2 Rc7
21. Rc2 Rfc8 22. Rhc1 Kg7 23. f4 Kf6 24. g4 Ke7 25. h3 Kd6 26. Bf3 Re8 27. Re1
Bc6 28. Be2 Rce7 29. Bd3 Bd7 30. Rcc1 Rh8 31. Rh1 Bc8 32. f5 gxf5 33. Bxf5 Rc7
34. Rhf1 Be6 35. Bxe6 fxe6 36. Rf6 Nc5 37. Ke2 Ke5 38. Rcf1 Rg7 39. Rf7 Rxf7
40. Rxf7 Kd6 41. Ra7 h5 42. g5 h4 43. g6 Rh6 44. g7 Rg6 45. Nf3 Rg2+ 46. Kf1
Rg3 47. Nxh4 Ke5 48. Rf7 Nd3 49. Nf3+ Ke4 50. h4 Kxe3 51. Ng5 b4 52. cxb4 e5
53. g8=Q e4 54. Qb8 Rg4 55. Qb6+ Kd2 56. Rf2+ Nxf2 57. Qxf2+ Kc3 58. Qe1+ 1-0

[Event "2.BLS 0203 SK Bebenhausen - SG Kirchhei"]
[Site "?"]
[Date "2002.11.17"]
[Round "2.5"]
[White "Beckhuis, Gernod"]
[Black "Kabisch, Thilo"]
[Result "1/2-1/2"]
[WhiteElo "2283"]
[BlackElo "2310"]
[PlyCount "117"]
[EventDate "2002.??.??"]

1. Nf3 Nf6 2. c4 g6 3. Nc3 Bg7 4. e4 O-O 5. d4 d6 6. Be2 e5 7. O-O Nc6 8. d5
Ne7 9. b4 Nh5 10. Re1 Nf4 11. Bf1 h6 12. a4 g5 13. Ra3 Bg4 14. a5 f5 15. Bb2
Qd7 16. c5 dxc5 17. bxc5 fxe4 18. Nxe4 Nexd5 19. h3 Bxf3 20. Rxf3 Kh8 21. Bc4
Rad8 22. Ng3 Nb4 23. Qxd7 Rxd7 24. Rb3 Nc6 25. Ra1 Rd2 26. Ne4 Rc2 27. Bf1 Rb8
28. g3 Ne2+ 29. Bxe2 Rxe2 30. Nc3 Rd2 31. Ne4 Rc2 32. g4 Rc4 33. f3 Rc2 34. Bc3
Kh7 35. Rab1 Nd4 36. Bxd4 exd4 37. Rxb7 Rxb7 38. Rxb7 d3 39. Rxc7 d2 40. Nxd2
Rxd2 41. Rxa7 Rc2 42. Rc7 Rxc5 43. Rxc5 Bd4+ 44. Kg2 Bxc5 45. f4 gxf4 46. Kf3
Be3 47. a6 Kg6 48. h4 Kf6 49. Ke4 Ke6 50. g5 h5 51. a7 Bxa7 52. Kxf4 Bb8+ 53.
Kf3 Kf5 54. Kg2 Ke4 55. Kh1 Be5 56. Kg2 Kf4 57. Kh2 Kf3+ 58. Kg1 Kg3 59. Kh1
1/2-1/2

[Event "2.BLS 0203 SK Bebenhausen - SG Kirchhei"]
[Site "?"]
[Date "2002.11.17"]
[Round "2.6"]
[White "Maeurer, Christoph Dr"]
[Black "Wippermann, Till"]
[Result "1/2-1/2"]
[WhiteElo "2330"]
[BlackElo "2354"]
[PlyCount "106"]
[EventDate "2002.??.??"]

1. g3 c5 2. Bg2 g6 3. c4 Bg7 4. Nc3 Nc6 5. a3 e5 6. b4 d6 7. Rb1 Nge7 8. d3 Rb8
9. Qa4 O-O 10. b5 Na5 11. Bg5 b6 12. Bxe7 Qxe7 13. Nd5 Qd8 14. Nf3 f5 15. Nd2
Rb7 16. Nb3 Nxb3 17. Qxb3 Rbf7 18. O-O h5 19. e3 h4 20. Qd1 Qg5 21. f4 Qh6 22.
gxh4 Qxh4 23. Qe1 Qh6 24. Qg3 exf4 25. exf4 Bd4+ 26. Kh1 Rg7 27. Rbe1 g5 28.
Re7 gxf4 29. Rxg7+ Qxg7 30. Ne7+ Kf7 31. Qxg7+ Bxg7 32. Nxc8 Rxc8 33. Rxf4 Kg6
34. Rxf5 Kxf5 35. Bh3+ Ke5 36. Bxc8 Kd4 37. Bf5 d5 38. Be6 dxc4 39. Bxc4 Ke3
40. h4 Kf4 41. h5 Kg5 42. Bf7 Bb2 43. a4 Bc3 44. Kg2 Bd2 45. Kf3 Kf5 46. Ke2
Bh6 47. Kd1 Ke5 48. Kc2 Kd4 49. Bc4 Ke3 50. a5 Kd4 51. a6 Ke3 52. Bf7 Kd4 53.
Bg8 Bg5 1/2-1/2

[Event "2.BLS 0203 SK Bebenhausen - SG Kirchhei"]
[Site "?"]
[Date "2002.11.17"]
[Round "2.7"]
[White "Mudelsee, Manfred Dr"]
[Black "Stoll, Ferdinand"]
[Result "0-1"]
[WhiteElo "2291"]
[BlackElo "2277"]
[PlyCount "59"]
[EventDate "2002.??.??"]

1. e4 c5 2. Nf3 d6 3. d4 cxd4 4. Nxd4 Nf6 5. Nc3 g6 6. Be2 Bg7 7. O-O O-O 8.
Be3 Nc6 9. Nb3 Be6 10. f4 Rc8 11. f5 Bd7 12. g4 Ne5 13. Nd2 Rxc3 14. bxc3 Bc6
15. Rb1 Nxe4 16. Nxe4 Bxe4 17. Bxa7 gxf5 18. gxf5 Qa5 19. Qd4 Qxa2 20. Qd2 Kh8
21. Qe3 Bc6 22. c4 Rg8 23. Qb3 Bf6+ 24. Kf2 Ng4+ 25. Ke1 Qa5+ 26. Kd1 Bd4 27.
Bxg4 Rxg4 28. Qh3 Rg2 29. Qd3 Bf6 30. h4 0-1

[Event "2.BLS 0203 SK Bebenhausen - SG Kirchhei"]
[Site "?"]
[Date "2002.11.17"]
[Round "2.8"]
[White "Dietzel, Jan Arthur"]
[Black "Rudolph, Johannes"]
[Result "1-0"]
[WhiteElo "2281"]
[BlackElo "2260"]
[PlyCount "93"]
[EventDate "2002.??.??"]

1. Nf3 d5 2. c4 c6 3. g3 Nf6 4. Bg2 dxc4 5. Na3 e5 6. Nxc4 e4 7. Ng5 Qd5 8. d3
Bb4+ 9. Bd2 Qc5 10. Nxe4 Nxe4 11. Bxe4 Bh3 12. Bxb4 Qxb4+ 13. Qd2 Qe7 14. Ne3
Nd7 15. Bf5 Bxf5 16. Nxf5 Qf6 17. Ne3 O-O 18. O-O Rfe8 19. Rac1 Qe6 20. b4 Rad8
21. Qb2 Nf6 22. Rc4 Nd5 23. Re4 Qd7 24. Nxd5 Qxd5 25. Rxe8+ Rxe8 26. Re1 h5 27.
h4 Re6 28. Rc1 b6 29. Rc4 Kh7 30. Qc2 g6 31. Qb2 Qb5 32. Rf4 Kg8 33. Rd4 c5 34.
Rd8+ Re8 35. Rxe8+ Qxe8 36. bxc5 bxc5 37. e3 Qd8 38. Qb5 Qe7 39. a4 Kg7 40. a5
Qe5 41. d4 Qe4 42. dxc5 Qc2 43. c6 Qd1+ 44. Kg2 Qd6 45. Qc4 Qc7 46. Qc5 Kf6 47.
e4 1-0

[Event "2.BLS 0203 SG Kirchheim - SK Viernheim"]
[Site "?"]
[Date "2002.12.15"]
[Round "3.1"]
[White "Beikert, Guenther Dr"]
[Black "Gschnitzer, Oswald Dr"]
[Result "1/2-1/2"]
[WhiteElo "2444"]
[BlackElo "2428"]
[PlyCount "85"]
[EventDate "2002.??.??"]

1. g3 c5 2. Bg2 Nc6 3. e4 g6 4. Ne2 Bg7 5. O-O d6 6. c3 e5 7. Na3 Nge7 8. Nc2
d5 9. exd5 Nxd5 10. d4 exd4 11. cxd4 cxd4 12. Ncxd4 Nxd4 13. Nxd4 O-O 14. Qb3
Bxd4 15. Bxd5 Qb6 16. Qxb6 axb6 17. Rd1 Bg7 18. Be3 Bxb2 19. Rab1 Be5 20. Rxb6
Kg7 21. Rd2 Rd8 22. Rb5 Bf6 23. Rc2 Rd7 24. h4 Re7 25. Kg2 Bf5 26. Rd2 Bc3 27.
Rd1 Rd7 28. f3 Be6 29. Bxe6 Rxd1 30. Rxb7 Re1 31. Rxf7+ Kh8 32. Bd5 Re8 33. Bh6
R1e7 34. Rxe7 Rxe7 35. f4 Rd7 36. Be6 Rd6 37. Bc4 Rd4 38. Bb3 Rd2+ 39. Kh3 Rd3
40. Bc4 Rd4 41. Bb3 Rd3 42. Bc4 Rd4 43. Bb3 1/2-1/2

[Event "2.BLS 0203 SG Kirchheim - SK Viernheim"]
[Site "?"]
[Date "2002.12.15"]
[Round "3.2"]
[White "Wintzer, Joachim Dr"]
[Black "Vidonyak, Roman"]
[Result "0-1"]
[WhiteElo "2367"]
[BlackElo "2452"]
[PlyCount "72"]
[EventDate "2002.??.??"]

1. c4 Nf6 2. Nc3 d6 3. d4 Nbd7 4. Nf3 c5 5. e4 Qa5 6. Qc2 cxd4 7. Nxd4 g6 8.
Be2 Bg7 9. Be3 Ne5 10. f3 Bd7 11. O-O Rc8 12. Nb3 Qc7 13. c5 O-O 14. cxd6 Qxd6
15. Rfd1 Qc7 16. Rac1 b6 17. Ba6 Nfg4 18. fxg4 Nxg4 19. Qe2 Bh6 20. Bf4 Bxf4
21. g3 Be3+ 22. Kf1 Bxc1 23. Nd5 Qe5 24. Bxc8 Bxc8 25. Nxc1 f5 26. Kg1 fxe4 27.
Ne3 Qc5 28. Re1 Rf2 29. Qxf2 Nxf2 30. Kxf2 Qd4 31. Re2 Ba6 32. Rc2 Qf6+ 33. Ke1
Qf3 34. Rc3 Qh1+ 35. Kf2 Qxh2+ 36. Ng2 e3+ 0-1

[Event "2.BLS 0203 SG Kirchheim - SK Viernheim"]
[Site "?"]
[Date "2002.12.15"]
[Round "3.3"]
[White "Mandel, Andreas"]
[Black "Biebinger, Gerhard"]
[Result "1-0"]
[WhiteElo "2367"]
[BlackElo "2391"]
[PlyCount "93"]
[EventDate "2002.??.??"]

1. d4 Nf6 2. Nf3 e6 3. c4 d5 4. Bg5 Be7 5. Nc3 O-O 6. e3 h6 7. Bh4 Nbd7 8. Rc1
Re8 9. Qc2 a6 10. a3 c6 11. Bd3 dxc4 12. Bxc4 Nd5 13. Bg3 Nxc3 14. Qxc3 Nf8 15.
O-O a5 16. Ne5 a4 17. Qc2 f6 18. Nd3 Bd6 19. Bxd6 Qxd6 20. Ba2 Re7 21. Nc5 Kh8
22. Rfd1 Qc7 23. Nxa4 Bd7 24. Nc5 Be8 25. Qe2 Bf7 26. Nd3 Rae8 27. b4 Qb8 28.
a4 g5 29. a5 Qa8 30. Nc5 Kg7 31. Rd2 Rb8 32. Na4 Rd8 33. Bb3 Qb8 34. Rcd1 Qd6
35. Nc5 Rb8 36. e4 Qd8 37. Na4 Nd7 38. h4 Nf8 39. Bc2 gxh4 40. Qg4+ Ng6 41. Nb6
Qd6 42. e5 fxe5 43. dxe5 Qxe5 44. Bxg6 Bxg6 45. Nd7 Qc7 46. Nxb8 Qxb8 47. Rd7
1-0